Úvod do teorie mezinárodního práva

Guardado en:
Detalles Bibliográficos
Formato: Libro
Lenguaje:checo
Publicado: Brno Univerzita J.E. Purkyně 1983
Colección:Spisy právnické fakulty č. 51
Etiquetas: Agregar Etiqueta
Sin Etiquetas, Sea el primero en etiquetar este registro!

MARC

LEADER 00000nam a2200000 4500
001 c115214
005 20250901080807.7
041 0 |a cze 
044 |a CZ 
245 1 0 |a Úvod do teorie mezinárodního práva  |c Čestmír Čepelka, Vladislav David 
264 1 |a Brno  |b Univerzita J.E. Purkyně  |c 1983 
300 |a 201 s. 
490 1 |a Spisy právnické fakulty  |v č. 51 
830 0 |a Spisy právnické fakulty  |v č. 51